000 01115nam a2200265Ia 4500
003 OSt
005 20220930094832.0
006 a|||||r|||| 00| 0
007 ta
008 220926b |||||||| |||| 00| 0 hin d
024 _a21486
037 _cTheses
040 _aCRL
_cCRL
_bhin
041 _2hin
_ahin
100 _aअरविन्दर कौर
110 _aदिल्ली विश्वविद्यालय. कला संकाय. हिन्दी विभाग
245 0 _aमहादेवी वर्मा के साहित्य में स्त्री-छवि
246 _aMahādevī varmā ke sāhitya mean strī-chhavi
260 _c2013
650 _aहिन्दी साहित्य
700 _a डॉ. राज भारद्वाज, गा.
_9556399
700 _aदिल्ली विश्वविद्यालय. कला संकाय. हिन्दी विभाग
942 _cDIS
_2CC
999 _c887747
_d887747